Pharmacology For Dentistry (Record no. 15546)
[ view plain ]
| 000 -LEADER | |
|---|---|
| fixed length control field | 00360nam a22001577a 4500 |
| 003 - CONTROL NUMBER IDENTIFIER | |
| control field | SGT |
| 020 ## - INTERNATIONAL STANDARD BOOK NUMBER | |
| International Standard Book Number | 9788131248720 |
| 082 ## - DEWEY DECIMAL CLASSIFICATION NUMBER | |
| Classification number | 615.321 |
| Item number | P17S |
| 100 ## - MAIN ENTRY--PERSONAL NAME | |
| Personal name | Tara V Shanbhag |
| 245 ## - TITLE STATEMENT | |
| Title | Pharmacology For Dentistry |
| 250 ## - EDITION STATEMENT | |
| Edition statement | 3RD |
| 260 ## - PUBLICATION, DISTRIBUTION, ETC. (IMPRINT) | |
| Place of publication, distribution, etc | NEW DELHI |
| Name of publisher, distributor, etc | Elsevier India Pvt.Ltd |
| Year of Publication | 2017 |
| 300 ## - PAGE DESCRIPTION | |
| No. of Pages | 417 |
| 650 ## - SUBJECT ADDED ENTRY--TOPICAL TERM | |
| Topical term or geographic name as entry element | Pharmacology |
| 942 ## - ADDED ENTRY ELEMENTS (KOHA) | |
| Source of classification or shelving scheme | Dewey Decimal Classification |
| Koha item type | Books |
| 942 ## - ADDED ENTRY ELEMENTS (KOHA) | |
| -- | 46 |
| Withdrawn status | Lost status | Source of classification or shelving scheme | Damaged status | Not for loan | Home library | Current library | Shelving location | Date acquired | Vendor Name | Cost, normal purchase price | SGTU | Bill Number | Total Checkouts | Full call number | Accession No. (Barcode) | Date last seen | Date last borrowed | Bill Date | Koha item type | Total Renewals |
|---|---|---|---|---|---|---|---|---|---|---|---|---|---|---|---|---|---|---|---|---|
| Dewey Decimal Classification | SGT Dental Library | SGT Dental Library | Text Book | 13/06/2018 | ABC | 745.00 | SGTU | 9730 | 44 | 615.321 P17S | FD7608 | 10/10/2025 | 29/07/2025 | 15/05/2018 | Books | |||||
| Dewey Decimal Classification | SGT Dental Library | SGT Dental Library | Text Book | 13/06/2018 | ABC | 745.00 | SGTU | 9730 | 25 | 615.321 P17S | FD7609 | 06/08/2025 | 04/07/2025 | 15/05/2018 | Books | 1 | ||||
| Dewey Decimal Classification | SGT Dental Library | SGT Dental Library | Text Book | 13/06/2018 | ABC | 745.00 | SGTU | 9730 | 30 | 615.321 P17S | FD7610 | 07/08/2025 | 04/07/2025 | 15/05/2018 | Books | |||||
| Dewey Decimal Classification | SGT Dental Library | SGT Dental Library | Text Book | 13/06/2018 | ABC | 745.00 | SGTU | 9730 | 43 | 615.321 P17S | FD7611 | 07/10/2025 | 01/07/2025 | 15/05/2018 | Books |